[Event "Mondiale Lampo FIDE 2022"]
[Site "Alma Ata"]
[Date "29.12.2022"]
[Round "10.37"]
[White "Svane, Frederik"]
[Black "Jumabayev, Rinat"]
[Result "1/2-1/2"]
[WhiteTitle ""]
[BlackTitle ""]
[WhiteElo "2568"]
[BlackElo "2609"]
[WhiteFideId "12923044"]
[BlackFideId "13702661"]
[EventDate "29.12.2022"]

1. e4 d6 2. d4 g6 3. Nf3 Bg7 4. Bd3 Nf6 5. O-O O-O 6. Re1 Nc6 7. c3 e5 8. h3 Re8
9. Nbd2 a6 10. a4 b6 11. Nf1 Bb7 12. Ng3 Qd7 13. d5 Ne7 14. a5 b5 15. c4 bxc4
16. Bxc4 h6 17. Qd3 c6 18. dxc6 Nxc6 19. Bd2 Ra7 20. Bc3 Raa8 21. Red1 Bf8 22.
Nh2 Nd4 23. Nf3 Nxf3+ 24. Qxf3 Kg7 25. Rd3 Rac8 26. b3 Rc7 27. Rad1 Qc6 28. Bb4
Rd7 29. Ba3 Qc7 30. Bb4 Qb8 31. Bc3 Qa8 32. Re1 Rc7 33. Bb4 Rd7 34. Qe2 d5 35.
Bxf8+ Kxf8 36. exd5 Nxd5 37. Qd2 Kg7 38. Ne4 Bc6 39. Nc5 Rd6 40. Ne4 Rd7 41. Nc5
Rdd8 42. Rd1 Qa7 43. Bxd5 Qxc5 44. Rc1 Qxd5 45. Rxd5 Rxd5 46. Qe3 Bb5 47. Rc7
Re6 48. Rc8 Re8 49. Rc7 Re6 50. Kh2 Rd7 51. Rc5 Rde7 52. b4 Kg8 53. Qc3 Kh7 54.
Rc8 Re8 55. Rc7 R8e7 56. Rc5 Re8 57. Qf3 Kg7 58. Qe4 R8e7 59. f4 exf4 60. Qxf4
Rd7 61. Rc7 Rxc7 62. Qxc7 Re4 63. Qc3+ Kg8 64. Qc8+ Re8 65. Qc7 h5 66. Qf4 Re6
67. Qd4 Kh7 68. Qf4 Kg7 69. Qd4+ Kg8 70. Qd8+ Re8 71. Qd4 Rc8 72. Qe5 Rc4 73.
Qe7 Rc8 1/2-1/2

[Event "Mondiale Lampo FIDE 2022"]
[Site "Alma Ata"]
[Date "29.12.2022"]
[Round "10.38"]
[White "Tin, Jingyao"]
[Black "Tang, Andrew"]
[Result "0-1"]
[WhiteTitle ""]
[BlackTitle ""]
[WhiteElo "2562"]
[BlackElo "2540"]
[WhiteFideId "5804418"]
[BlackFideId "2059630"]
[EventDate "29.12.2022"]

1. d4 d5 2. c4 e6 3. Nf3 Nf6 4. Nc3 Be7 5. cxd5 exd5 6. Bg5 c6 7. e3 Bf5 8. Be2
Nbd7 9. O-O O-O 10. h3 Bd6 11. Nh4 Be6 12. Bd3 h6 13. Bf4 Bxf4 14. exf4 Ne4 15.
Nf3 Nd6 16. g4 Nf6 17. f5 Bd7 18. Re1 Re8 19. Qd2 Qb6 20. Na4 Qc7 21. Qf4 b6 22.
Nc3 c5 23. Rad1 c4 24. Bc2 b5 25. h4 b4 26. g5 Nb5 27. Ne5 hxg5 28. hxg5 bxc3
29. gxf6 Qd6 30. Qg5 Qxf6 31. Qxf6 gxf6 32. Nxd7 Rxe1+ 33. Rxe1 cxb2 34. Nxf6+
Kg7 35. Nxd5 Rd8 36. Ne3 Rxd4 37. Kf1 Na3 38. Ke2 c3 39. Rd1 Nxc2 40. Rg1+ Kf6 0-1

[Event "Mondiale Lampo FIDE 2022"]
[Site "Alma Ata"]
[Date "29.12.2022"]
[Round "10.40"]
[White "Pantsulaia, Levan"]
[Black "Ansat, Aldiyar"]
[Result "1-0"]
[WhiteTitle ""]
[BlackTitle ""]
[WhiteElo "2597"]
[BlackElo "2291"]
[WhiteFideId "13602071"]
[BlackFideId "13715658"]
[EventDate "29.12.2022"]

1. Nf3 Nf6 2. g3 g6 3. b3 Bg7 4. Bb2 O-O 5. Bg2 d6 6. O-O e5 7. c4 Nc6 8. d3 a5
9. a3 Re8 10. Nbd2 d5 11. cxd5 Nxd5 12. Rb1 h6 13. e3 Nb6 14. Qc2 Bf5 15. Ne4 g5
16. Nc5 Qc8 17. Nd2 Nd8 18. Rbc1 Bh3 19. Rfe1 Bxg2 20. Kxg2 c6 21. e4 Nd7 22.
Nxd7 Qxd7 23. Nc4 Qc7 24. Ne3 Ne6 25. Nf5 Rad8 26. b4 axb4 27. axb4 Qb6 28. Bc3
Qb5 29. Red1 Rd7 30. Ra1 b6 31. Ne3 Nd4 32. Bxd4 Rxd4 33. Nf5 Rd7 34. Ra3 Bf8
35. Rc3 Re6 36. Rc1 Bxb4 37. Rxc6 Rxc6 38. Qxc6 Qxc6 39. Rxc6 Bc5 40. Nxh6+ Kh7
41. Ng4 Rxd3 42. Nxe5 Rd2 43. Ng4 Kg7 44. e5 Bd4 45. Kf3 b5 46. Rc7 Kf8 47. Rb7
Rb2 48. h4 gxh4 49. gxh4 b4 50. h5 Rb1 51. h6 Rh1 52. Rxb4 Bc3 53. Rb8+ Ke7 54.
Rb6 Bd2 55. Ke4 Rh4 56. f3 Bc1 57. Rb7+ Ke6 58. Rb6+ Ke7 59. Rd6 Bg5 60. Kf5 Rh5
61. Ke4 Rh4 62. Ra6 Bc1 63. Kd5 Rh1 64. Nf6 Bxh6 65. Ng8+ Kf8 66. Nxh6 Rh3 67.
f4 Rf3 68. Nf5 Kg8 69. Ke4 Rf1 70. Nd6 Kg7 71. Ra7 Kg6 72. Rxf7 1-0

[Event "Mondiale Lampo FIDE 2022"]
[Site "Alma Ata"]
[Date "29.12.2022"]
[Round "10.42"]
[White "Najer, Evgeniy"]
[Black "Amin, Bassem"]
[Result "0-1"]
[WhiteTitle ""]
[BlackTitle ""]
[WhiteElo "2662"]
[BlackElo "2682"]
[WhiteFideId "4118987"]
[BlackFideId "10601457"]
[EventDate "29.12.2022"]

1. e4 e5 2. Nf3 Nc6 3. Bb5 a6 4. Ba4 Nf6 5. O-O Be7 6. Re1 b5 7. Bb3 d6 8. c3
O-O 9. h3 Nb8 10. d4 Nbd7 11. Nbd2 Bb7 12. Bc2 Re8 13. Nf1 Bf8 14. Ng3 g6 15. a4
Bg7 16. Bd3 exd4 17. cxd4 c5 18. axb5 axb5 19. Rxa8 Bxa8 20. Bxb5 cxd4 21. Nxd4
Nxe4 22. Nxe4 Rxe4 23. Rxe4 Bxe4 24. Be3 Nf6 25. Bc6 Qb8 26. Qa4 Bxc6 27. Qxc6
h5 28. Nb5 d5 29. b4 Qe5 30. Nd4 Ne4 31. b5 Kh7 32. b6 f5 33. b7 f4 34. Nf3 Qa1+
35. Kh2 fxe3 36. b8=Q exf2 37. Qxd5 f1=N+ 38. Kg1 Nfg3+ 0-1

[Event "Mondiale Lampo FIDE 2022"]
[Site "Alma Ata"]
[Date "29.12.2022"]
[Round "10.43"]
[White "Abdusattorov, Nodirbek"]
[Black "Agmanov, Zhandos"]
[Result "1-0"]
[WhiteTitle ""]
[BlackTitle ""]
[WhiteElo "2713"]
[BlackElo "2442"]
[WhiteFideId "14204118"]
[BlackFideId "13708309"]
[EventDate "29.12.2022"]

1. d4 Nf6 2. c4 e6 3. Nc3 d5 4. cxd5 Nxd5 5. e4 Nxc3 6. bxc3 c5 7. a3 cxd4 8.
cxd4 Be7 9. Nf3 O-O 10. Bd3 b6 11. O-O Ba6 12. Bxa6 Nxa6 13. Qe2 Nb8 14. Rd1 Nd7
15. Bf4 Nf6 16. Ne5 Rc8 17. d5 exd5 18. exd5 Bc5 19. d6 Nd7 20. Qg4 f5 21. Qf3
Nxe5 22. Bxe5 Qd7 23. Qd5+ Kh8 24. Rd3 f4 25. Re1 Rfe8 26. h4 Rcd8 27. Re4 Qb5
28. Kh2 Rd7 29. a4 Qb1 30. Bxg7+ 1-0

[Event "Mondiale Lampo FIDE 2022"]
[Site "Alma Ata"]
[Date "29.12.2022"]
[Round "10.44"]
[White "Makarian, Rudik"]
[Black "Brunello, Sabino"]
[Result "0-1"]
[WhiteTitle ""]
[BlackTitle ""]
[WhiteElo "2554"]
[BlackElo "2519"]
[WhiteFideId "44105681"]
[BlackFideId "813613"]
[EventDate "29.12.2022"]

1. d3 d5 2. f4 g6 3. Nf3 Bg7 4. g3 c5 5. Bg2 Nc6 6. O-O d4 7. e4 dxe3 8. Nc3 Nh6
9. Bxe3 Nd4 10. Ne4 b6 11. Nxd4 cxd4 12. Bd2 Bd7 13. h3 O-O 14. g4 f5 15. Ng3
Rc8 16. g5 Nf7 17. h4 e5 18. Rc1 exf4 19. Bxf4 Bc6 20. Qd2 Bxg2 21. Qxg2 Qd7 22.
Rfe1 Rfe8 23. a3 Ne5 24. Bxe5 Bxe5 25. Qf3 Bb8 26. Kg2 Rxe1 27. Rxe1 Rxc2+ 28.
Re2 Rc1 29. Qa8 Rc8 30. Qf3 Kf7 31. Ne4 Qc7 32. Kh3 Qf4 33. Nd2 Qxf3+ 34. Nxf3
Rc1 35. Kg2 Rc5 36. Nxd4 Rd5 37. Nc6 Bd6 38. d4 a5 39. Kf3 a4 40. Nd8+ Kf8 41.
Ne6+ Kg8 42. Ke3 Rb5 43. Kd3 Rb3+ 44. Kc4 Kf7 45. Nd8+ Kf8 46. Kd5 Bg3 47. Kc6
f4 48. Kd7 Re3 49. Rc2 Re7+ 50. Kd6 f3+ 51. Kd5 Rd7+ 52. Ke4 0-1

[Event "Mondiale Lampo FIDE 2022"]
[Site "Alma Ata"]
[Date "29.12.2022"]
[Round "10.45"]
[White "Bilguun, Sumiya"]
[Black "Salem, A.R. Saleh"]
[Result "1/2-1/2"]
[WhiteTitle ""]
[BlackTitle ""]
[WhiteElo "2474"]
[BlackElo "2677"]
[WhiteFideId "4901541"]
[BlackFideId "9301348"]
[EventDate "29.12.2022"]

1. e4 e5 2. Nf3 Nc6 3. Bc4 Nf6 4. d3 Bc5 5. O-O O-O 6. a4 d6 7. c3 a6 8. Bg5 h6
9. Bh4 Ba7 10. Na3 Qe7 11. Nc2 Be6 12. b3 Bxc4 13. bxc4 Qe6 14. Rb1 Rab8 15. Ne3
Bxe3 16. fxe3 Nd7 17. Qc2 Na5 18. Nd2 b6 19. Bg3 Rbe8 20. d4 Qg6 21. Rf5 Nc6 22.
Rbf1 Ne7 23. R5f3 a5 24. Qd1 f6 25. Be1 Kh8 26. Rg3 Qh7 27. Qh5 Nb8 28. Rgf3
Nbc6 29. Qh3 Rd8 30. Qg4 Qg6 31. Qh3 Qe8 32. Rg3 Ng8 33. Qg4 Qd7 34. Qg6 Qf7 35.
Qg4 Qd7 36. Qg6 Rde8 37. Nf3 Qf7 38. Nh4 Nce7 39. Qg4 g5 40. Nf3 Qxc4 41. h4 Qd3
42. hxg5 fxg5 43. Rh3 Qxe3+ 44. Bf2 Qf4 45. Qxg5 Qxg5 46. Nxg5 Ng6 47. Be3 Rxf1+
48. Kxf1 Kg7 49. Nf3 exd4 50. Bxd4+ Kf7 51. Nd2 Ne5 52. Ke2 Ng4 53. Rf3+ N8f6
54. Rf4 Kg6 55. Kd3 Ne5+ 56. Bxe5 dxe5 57. Rf3 Nd7 58. Nb3 Re6 59. Kc4 Rd6 60.
Kb5 Nf6 61. Re3 Kg5 62. c4 c5 63. Nc1 Kf4 64. Rf3+ Kxe4 65. Ne2 Ne8 66. Ng3+ Kd4
67. Nf5+ Ke4 68. Nxd6+ Nxd6+ 69. Kxb6 Nxc4+ 70. Kxc5 Ne3 71. Rg3 Kf4 72. Rg8 e4
73. Rf8+ Nf5 74. g3+ Kg4 75. Rg8+ Kf3 76. g4 Ng3 77. Kd4 Ne2+ 78. Ke5 e3 79.
Rf8+ Kxg4 80. Ke4 Nc3+ 81. Kxe3 h5 82. Rc8 Nd5+ 83. Kd4 Nb6 84. Rg8+ Kf3 85. Rg5
h4 86. Rxa5 Nxa4 87. Rxa4 h3 88. Ra3+ Kg2 89. Ke3 h2 90. Ra2+ Kg3 91. Ra1 Kg2
92. Ra2+ Kg3 93. Rxh2 Kxh2 94. Ke4 1/2-1/2

[Event "Mondiale Lampo FIDE 2022"]
[Site "Alma Ata"]
[Date "29.12.2022"]
[Round "10.46"]
[White "Tsaruk, Maksim"]
[Black "Adhiban, Baskaran"]
[Result "1-0"]
[WhiteTitle ""]
[BlackTitle ""]
[WhiteElo "2373"]
[BlackElo "2611"]
[WhiteFideId "13511173"]
[BlackFideId "5018471"]
[EventDate "29.12.2022"]

1. e4 e5 2. Nf3 Nc6 3. Nc3 Nf6 4. d4 exd4 5. Nxd4 Bb4 6. Nxc6 bxc6 7. Bd3 d5 8.
exd5 O-O 9. O-O cxd5 10. h3 h6 11. Qf3 Re8 12. Bf4 Bf8 13. Rfe1 Rxe1+ 14. Rxe1
Be6 15. Nb5 Rc8 16. Nxa7 Ra8 17. Nc6 Qe8 18. Nd4 Rxa2 19. Nxe6 fxe6 20. Bf5 Ra6
21. Bxc7 Qc8 22. Bd3 Ra4 23. Be5 Ne4 24. b3 Ng5 25. Qg3 Ra7 26. h4 Ne4 27. Qg6
Bb4 28. Re2 Qd8 29. Qxe6+ Kh7 30. Qxd5 Qxd5 31. Bxe4+ 1-0

[Event "Mondiale Lampo FIDE 2022"]
[Site "Alma Ata"]
[Date "29.12.2022"]
[Round "10.47"]
[White "Idani, Pouya"]
[Black "Savchenko, Boris"]
[Result "1/2-1/2"]
[WhiteTitle ""]
[BlackTitle ""]
[WhiteElo "2637"]
[BlackElo "2552"]
[WhiteFideId "12510130"]
[BlackFideId "4147332"]
[EventDate "29.12.2022"]

1. e4 c5 2. Nf3 d6 3. d4 cxd4 4. Nxd4 Nf6 5. Nc3 a6 6. Be3 Ng4 7. Bg5 h6 8. Bh4
g5 9. Bg3 Nc6 10. Nxc6 bxc6 11. h3 Ne5 12. Bxe5 dxe5 13. Qxd8+ Kxd8 14. O-O-O+
Kc7 15. Be2 h5 16. Rd3 e6 17. Nd1 f5 18. Ne3 fxe4 19. Rc3 a5 20. Bb5 Bb7 21. Rc4
Be7 22. Ba4 c5 23. Bb5 Rhf8 24. Rf1 g4 25. hxg4 hxg4 26. Nxg4 Kb6 27. a4 Bg5+
28. Kb1 e3 29. f3 e4 30. Re1 exf3 31. gxf3 Rad8 32. Nxe3 Bxe3 33. Rxe3 Rd1+ 34.
Ka2 Bd5 35. b3 Bxc4 36. Bxc4 Rf6 37. Bxe6 Rd4 38. Bc4 Rdf4 39. Be2 Rd6 40. Kb2
Rdf6 41. Kc3 Kc7 42. Re7+ Kb6 43. Re5 R4f5 44. Re3 Rd6 45. Bd3 Rf4 46. Be4 Rd4
47. Re1 Rh4 48. Rg1 Rh3 49. Rg6+ Ka7 50. Kb2 c4 51. Rg5 Kb6 52. Rb5+ Ka6 53.
bxc4 Rxc4 54. Bd3 Rch4 55. Kb3 Rxf3 56. Rf5+ Rxd3+ 57. cxd3 Rb4+ 58. Ka3 Rd4 59.
Rf3 Kb6 60. Re3 Kc6 61. Rh3 Kb6 62. Rh6+ Kb7 1/2-1/2

[Event "Mondiale Lampo FIDE 2022"]
[Site "Alma Ata"]
[Date "29.12.2022"]
[Round "10.48"]
[White "Ter-Sahakyan, Samvel"]
[Black "Narayanan, S.L."]
[Result "1/2-1/2"]
[WhiteTitle ""]
[BlackTitle ""]
[WhiteElo "2605"]
[BlackElo "2669"]
[WhiteFideId "13302531"]
[BlackFideId "5058422"]
[EventDate "29.12.2022"]

1. d4 Nf6 2. Nf3 g6 3. Nbd2 Bg7 4. e4 d6 5. Bb5+ Bd7 6. a4 O-O 7. O-O a6 8. Bd3
Nc6 9. c3 e5 10. Re1 Nh5 11. dxe5 Nxe5 12. Nxe5 dxe5 13. Bf1 Nf4 14. Nf3 Qe7 15.
Be3 Bg4 16. Bxf4 exf4 17. Bc4 Rad8 18. Qe2 Be5 19. h3 Bh5 20. Rad1 c6 21. Rxd8
Rxd8 22. Rd1 Rxd1+ 23. Qxd1 Kg7 24. Qd3 Bxf3 25. Qxf3 b5 26. axb5 axb5 27. Bb3
b4 28. Qd3 bxc3 29. bxc3 Qa7 30. Bd1 Qa1 31. c4 Bd4 32. Kf1 Qb2 33. Qe2 Qc1 34.
e5 Qa1 35. Qd3 Bxe5 36. Ke2 Qa7 37. Kf3 Bd4 38. Qd2 Qc5 39. Be2 Qh5+ 40. Ke4
Qe5+ 41. Kf3 g5 42. Qd3 f5 43. g3 h5 44. Kg2 g4 45. hxg4 fxg4 46. gxf4 Qxf4 47.
f3 c5 48. Qb1 Be5 49. Qb7+ Kh6 50. Kf1 h4 51. Qc6+ Bd6 52. Qd5 h3 53. Qe6+ Kg5
54. Qxg4+ Qxg4 55. fxg4 Be5 56. Bf3 Kf4 57. Bd5 Bd4 58. g5 Kxg5 59. Bc6 Kf4 60.
Bd5 Be3 61. Bc6 Ke5 62. Bd5 Kd4 63. Ke2 Ke5 1/2-1/2

[Event "Mondiale Lampo FIDE 2022"]
[Site "Alma Ata"]
[Date "29.12.2022"]
[Round "10.49"]
[White "Jobava, Baadur"]
[Black "Isanzhulov, Arystan"]
[Result "1-0"]
[WhiteTitle ""]
[BlackTitle ""]
[WhiteElo "2578"]
[BlackElo "2313"]
[WhiteFideId "13601520"]
[BlackFideId "13711644"]
[EventDate "29.12.2022"]

1. b3 e5 2. Bb2 Nc6 3. Nf3 Bd6 4. e3 Nf6 5. d3 O-O 6. Nbd2 Re8 7. Be2 Bf8 8. c4
d5 9. cxd5 Qxd5 10. O-O a5 11. a3 Bg4 12. h3 Bh5 13. Qc2 Rad8 14. Rad1 Bg6 15.
Nc4 e4 16. Bxf6 exf3 17. Bxf3 Qc5 18. Bxd8 Rxd8 19. Qe2 Qb5 20. Bxc6 bxc6 21.
Qc2 h5 22. e4 Bc5 23. a4 Qb4 24. Ne5 Re8 25. Nxg6 fxg6 26. Qc4+ 1-0

[Event "Mondiale Lampo FIDE 2022"]
[Site "Alma Ata"]
[Date "29.12.2022"]
[Round "10.50"]
[White "Donchenko, Alexander"]
[Black "Nogerbek, Kazybek"]
[Result "1-0"]
[WhiteTitle ""]
[BlackTitle ""]
[WhiteElo "2636"]
[BlackElo "2468"]
[WhiteFideId "24603295"]
[BlackFideId "13710427"]
[EventDate "29.12.2022"]

1. Nf3 d5 2. e3 Nf6 3. c4 e6 4. Nc3 Bd6 5. b3 b6 6. Bb2 Bb7 7. cxd5 exd5 8. g3
O-O 9. Bg2 a6 10. O-O Nbd7 11. Rc1 Re8 12. Qc2 Rc8 13. d4 Ne4 14. Nxe4 dxe4 15.
Nd2 Nf6 16. Rfd1 h5 17. Nc4 Qe7 18. Nxd6 cxd6 19. Qe2 b5 20. Bh3 Rxc1 21. Rxc1
Bd5 22. Ba3 h4 23. Rc8 Rxc8 24. Bxc8 Qc7 25. Bh3 Be6 26. Bxe6 fxe6 27. gxh4 d5
28. Qf1 Qc2 29. Be7 Ng4 30. h3 Nh6 31. Bg5 Nf5 32. Qa1 a5 33. Qf1 Qc6 34. Qe2 a4
35. bxa4 bxa4 36. Kg2 a3 37. Qh5 Qd7 38. Qg6 Nd6 39. h5 Qf7 40. Bf4 Qxg6+ 41.
hxg6 Nb5 42. h4 Kf8 43. h5 Ke7 44. Bg5+ Ke8 45. Bf4 Ke7 46. Bg5+ Ke8 47. h6 gxh6
48. Bxh6 Nc3 49. Bf4 Nxa2 50. Bd6 Nc3 51. Bxa3 Nb5 52. Bb4 Na7 53. Kg3 Nc6 54.
Bc5 e5 55. Kg4 exd4 56. exd4 Nb8 57. Kf5 Nd7 58. Bd6 Nb6 59. Ke6 Nc4 60. g7 1-0

[Event "Mondiale Lampo FIDE 2022"]
[Site "Alma Ata"]
[Date "29.12.2022"]
[Round "10.51"]
[White "Maze, Sebastien"]
[Black "Sarana, Alexey"]
[Result "0-1"]
[WhiteTitle ""]
[BlackTitle ""]
[WhiteElo "2538"]
[BlackElo "2668"]
[WhiteFideId "613762"]
[BlackFideId "24133795"]
[EventDate "29.12.2022"]

1. e4 c5 2. Nf3 d6 3. Bb5+ Bd7 4. Bxd7+ Nxd7 5. O-O e6 6. Qe2 Be7 7. Rd1 Ngf6 8.
b3 d5 9. e5 Nh5 10. d3 g6 11. c4 O-O 12. Bh6 Ng7 13. Nc3 Nb6 14. g4 Qc7 15. Re1
Rad8 16. a4 a6 17. Kg2 Qc6 18. h4 f5 19. exf6 Bxf6 20. Ne5 Qc7 21. Rac1 Bxh4 22.
Nd1 Bf6 23. Bf4 Qc8 24. Rh1 Nd7 25. Nc3 Nxe5 26. Bxe5 Qd7 27. Rh3 Ne8 28. Rch1
Rf7 29. Nd1 Bxe5 30. Qxe5 dxc4 31. dxc4 Qc6+ 32. f3 Rd2+ 33. Kg3 Rxd1 34. Rxd1
Qxf3+ 35. Kh4 Qxd1 36. Qxe6 Qd8+ 37. g5 Qd4+ 38. Kg3 Qf2+ 0-1

[Event "Mondiale Lampo FIDE 2022"]
[Site "Alma Ata"]
[Date "29.12.2022"]
[Round "10.52"]
[White "Kovalev, Vladislav"]
[Black "Zhigalko, Sergei"]
[Result "1-0"]
[WhiteTitle ""]
[BlackTitle ""]
[WhiteElo "2623"]
[BlackElo "2572"]
[WhiteFideId "13504398"]
[BlackFideId "13502956"]
[EventDate "29.12.2022"]

1. e4 c5 2. Be2 Nc6 3. d3 e6 4. f4 d5 5. Nf3 Bd6 6. O-O Nge7 7. c3 Bc7 8. Na3
O-O 9. Nc2 b6 10. a3 Bb7 11. b4 dxe4 12. dxe4 Ng6 13. g3 Nce7 14. Bd3 c4 15.
Bxc4 Qxd1 16. Rxd1 Bxe4 17. Ncd4 Nd5 18. Bd2 Rad8 19. Re1 Nf6 20. Rad1 h6 21.
Bb5 Rc8 22. Bc1 Bb8 23. Bb2 Bd5 24. Bf1 Rfd8 25. Bg2 Ne7 26. a4 Be4 27. Nd2 Bxg2
28. Kxg2 Ned5 29. Nb1 a6 30. Kf3 g6 31. Nb3 b5 32. axb5 axb5 33. Nd4 Nc7 34. Nc6
Rxd1 35. Rxd1 Ncd5 36. Nd4 Nc7 37. Na3 Rd8 38. Ke2 Nfd5 39. Ndxb5 Nxb5 40. Nxb5
Rc8 41. Kd3 g5 42. fxg5 hxg5 43. Nd4 Nb6 44. Ra1 Nc4 45. Bc1 Ne5+ 46. Kc2 Ng4
47. Ra8 Nxh2 48. Bxg5 Ng4 49. Kb3 Kg7 50. Nb5 Kg6 51. Bf4 e5 52. Bd2 e4 53. Bf4
e3 54. Nd4 Bxf4 55. Rxc8 Bxg3 56. Rg8+ Kh5 57. Nf5 Bf4 58. Nd4 Be5 59. Ne2 f5
60. Rf8 Kg5 61. b5 f4 62. b6 Nf6 63. Ng1 Nd7 64. Nf3+ Kh6 65. Rd8 Nxb6 66. Nxe5
Kg5 67. Rf8 Nd5 68. Kc2 Nc7 69. Kd3 Ne6 70. Rf7 Nc5+ 71. Ke2 Ne4 72. Nd3 Nxc3+
73. Kf3 e2 74. Kf2 Kg4 75. Rxf4+ 1-0

[Event "Mondiale Lampo FIDE 2022"]
[Site "Alma Ata"]
[Date "29.12.2022"]
[Round "10.53"]
[White "Vallejo Pons, Francisco"]
[Black "Tabatabaei, M. Amin"]
[Result "0-1"]
[WhiteTitle ""]
[BlackTitle ""]
[WhiteElo "2716"]
[BlackElo "2660"]
[WhiteFideId "2205530"]
[BlackFideId "12521213"]
[EventDate "29.12.2022"]

1. e4 c6 2. Nc3 d5 3. Nf3 dxe4 4. Nxe4 Nf6 5. Qe2 Nxe4 6. Qxe4 Be6 7. c4 Nd7 8.
d4 Nf6 9. Qe3 Bf5 10. Qb3 Qb6 11. c5 Qxb3 12. axb3 a6 13. Ne5 e6 14. f3 Rd8 15.
Be3 Nd5 16. Bf2 Nb4 17. Ra4 Nc2+ 18. Ke2 f6 19. g4 fxe5 20. gxf5 exd4 21. Rc4
exf5 22. Kd3 Ne3 23. Bxe3 dxe3+ 24. Kxe3 g6 25. Be2 Bh6+ 26. f4 Kf7 27. Rb4 Rd7
28. Rd1 Re8+ 29. Kf3 Ree7 30. Rd6 Rxd6 31. cxd6 Rd7 32. Bc4+ Kf6 33. Rb6 Bf8 34.
b4 Bxd6 35. b3 Ke7 36. h4 Kd8 37. b5 axb5 38. Be6 Re7 0-1

[Event "Mondiale Lampo FIDE 2022"]
[Site "Alma Ata"]
[Date "29.12.2022"]
[Round "10.54"]
[White "Sindarov, Javokhir"]
[Black "Chigaev, Maksim"]
[Result "1-0"]
[WhiteTitle ""]
[BlackTitle ""]
[WhiteElo "2654"]
[BlackElo "2632"]
[WhiteFideId "14205483"]
[BlackFideId "4108116"]
[EventDate "29.12.2022"]

1. e4 c5 2. Nc3 d6 3. Nge2 Nf6 4. d4 cxd4 5. Nxd4 a6 6. a3 Nc6 7. Bc4 e6 8. O-O
Be7 9. Be3 O-O 10. Ba2 Nxd4 11. Bxd4 b5 12. f4 Bb7 13. Qd3 Rc8 14. f5 e5 15. Be3
Rxc3 16. Qxc3 Nxe4 17. Qd3 d5 18. c3 h6 19. Rad1 Nf6 20. Bf2 Qc7 21. Qe2 Bc5 22.
Bxc5 Qxc5+ 23. Kh1 Re8 24. Bb3 d4 25. Qf2 Ne4 26. Qh4 Bd5 27. Bxd5 Qxd5 28. Rfe1
Nf6 29. cxd4 e4 30. Qf4 Qb3 31. Qe3 Qxb2 32. Rd2 1-0

[Event "Mondiale Lampo FIDE 2022"]
[Site "Alma Ata"]
[Date "29.12.2022"]
[Round "10.55"]
[White "Tari, Aryan"]
[Black "Hambleton, Aman"]
[Result "1-0"]
[WhiteTitle ""]
[BlackTitle ""]
[WhiteElo "2659"]
[BlackElo "2437"]
[WhiteFideId "1510045"]
[BlackFideId "2606577"]
[EventDate "29.12.2022"]

1. e4 b6 2. d4 Bb7 3. Nc3 e6 4. Nf3 Bb4 5. Bd3 Nf6 6. Nd2 d5 7. e5 Ng8 8. Qg4
Bf8 9. Nf3 Ba6 10. Bg5 Qd7 11. O-O-O Bxd3 12. Rxd3 Ne7 13. Bxe7 Qxe7 14. Ng5 Nc6
15. Rf3 Nd8 16. h4 h6 17. Nh3 g6 18. Nf4 h5 19. Qg3 Bh6 20. Kb1 Bxf4 21. Qxf4
Nc6 22. Nd1 Rf8 23. Ne3 O-O-O 24. g4 hxg4 25. Nxg4 Kb7 26. c3 Rc8 27. Qf6 Qd7
28. Nh6 Ne7 29. h5 gxh5 30. Rxh5 Ng8 31. Nxg8 Rxg8 32. Rh1 Rcf8 33. Rg3 Rxg3 34.
fxg3 Rg8 35. Qf4 Qb5 36. Qf3 Rg7 37. g4 a5 38. a3 a4 39. Ka1 Qc4 40. Qf4 Qe2 41.
g5 Qc2 42. Qf6 Rh7 43. Rb1 Qg6 44. Qxg6 fxg6 45. Rf1 Rh5 46. Rf6 Rxg5 47. Rxe6
Rg1+ 48. Ka2 Kc8 49. Re7 Kd8 50. Rg7 Rg2 51. Kb1 Kc8 52. Kc1 Kd8 53. e6 g5 54.
Rd7+ Ke8 55. Rxc7 Rg1+ 56. Kc2 Rg2+ 57. Kd3 Rxb2 58. Rg7 Rb3 59. Rxg5 Rxa3 60.
Rxd5 Rb3 61. Rd7 b5 62. Kc2 b4 63. cxb4 Rxb4 64. d5 Rd4 65. Kc3 Rd1 66. Kc4 Rc1+
67. Kd4 1-0

[Event "Mondiale Lampo FIDE 2022"]
[Site "Alma Ata"]
[Date "29.12.2022"]
[Round "10.56"]
[White "Predke, Alexandr"]
[Black "Nguyen, Thai Dai Van"]
[Result "1-0"]
[WhiteTitle ""]
[BlackTitle ""]
[WhiteElo "2684"]
[BlackElo "2656"]
[WhiteFideId "24107581"]
[BlackFideId "358878"]
[EventDate "29.12.2022"]

1. Nf3 d5 2. g3 Nf6 3. Bg2 e6 4. c4 Be7 5. O-O O-O 6. d4 dxc4 7. Nc3 c5 8. dxc5
Nbd7 9. c6 bxc6 10. Nd4 Bb7 11. Nxc6 Bxc6 12. Bxc6 Rc8 13. Bg2 Qb6 14. Qc2 Rfd8
15. Be3 Qa5 16. Rfd1 Bc5 17. Bd4 h6 18. Rd2 Bxd4 19. Rxd4 Nb6 20. Rad1 Rxd4 21.
Rxd4 Nfd5 22. Bxd5 exd5 23. Qd2 Rb8 24. Qf4 Re8 25. e4 dxe4 26. Rxe4 Rxe4 27.
Qxe4 Qg5 28. Qe8+ Kh7 29. Qxf7 Qc1+ 30. Kg2 Qxb2 31. Qf5+ Kh8 32. Ne4 Qd4 33.
Qf8+ Kh7 34. Qf5+ Kh8 35. Qf3 Nd5 36. Qf8+ Kh7 37. Qf5+ Kh8 38. Qf8+ Kh7 39. Nd6
Nf6 40. Qxg7+ Kxg7 41. Nf5+ Kg6 42. Nxd4 Ng4 43. h3 Ne5 44. f4 Nd3 45. Kf3 Nc1
46. a4 Nb3 47. Ke3 Nc5 48. a5 a6 49. g4 Kf6 50. Nc2 Nb3 51. Nb4 Nxa5 52. Nxa6
Nc6 53. Nc5 Ke7 54. Ne4 Ke6 55. Nc3 Kd6 56. Ke4 Kc5 57. f5 Kb4 58. Ne2 Kc5 59.
h4 Kd6 60. g5 hxg5 61. hxg5 Ke7 62. Nf4 c3 63. Nd5+ Kf7 64. Nxc3 Ne7 65. Nd5 Nc6
66. Kf4 Nd4 67. Ne3 Kg7 68. Nc4 Kf7 69. Ne5+ Kg7 70. f6+ Kh7 71. g6+ Kh6 72. Ke4
Nb5 73. Kd5 Nc7+ 74. Kd6 Nb5+ 75. Ke7 Nd4 76. f7 Nf5+ 77. Kf6 1-0

[Event "Mondiale Lampo FIDE 2022"]
[Site "Alma Ata"]
[Date "29.12.2022"]
[Round "10.57"]
[White "Ivic, Velimir"]
[Black "Nesterov, Arseniy"]
[Result "0-1"]
[WhiteTitle ""]
[BlackTitle ""]
[WhiteElo "2572"]
[BlackElo "2573"]
[WhiteFideId "950122"]
[BlackFideId "24198455"]
[EventDate "29.12.2022"]

1. d4 d5 2. c4 e6 3. Nc3 Nf6 4. cxd5 exd5 5. Bg5 Bb4 6. e3 h6 7. Bh4 g5 8. Bg3
Ne4 9. a3 Bxc3+ 10. bxc3 h5 11. f3 Nxg3 12. hxg3 Be6 13. g4 h4 14. Bd3 Qd6 15.
Nh3 Rg8 16. O-O Nd7 17. Rb1 b6 18. a4 f6 19. Qc2 Kf7 20. c4 c6 21. cxd5 cxd5 22.
Rfc1 Rac8 23. Qb2 Kg7 24. Nf2 Nb8 25. e4 Rxc1+ 26. Rxc1 Rc8 27. Re1 Nc6 28. e5
fxe5 29. dxe5 Qb4 30. Qc1 Kh6 31. Ba6 Rc7 32. Bb5 Nd4 33. Qd1 Nxb5 34. axb5 Qxb5
35. Qd2 Qc5 36. f4 Bxg4 37. fxg5+ Kg6 38. e6 Re7 39. Qf4 Bf5 40. Qxh4 Rh7 41.
Qf4 Qc4 42. Qxc4 dxc4 43. e7 Bd7 44. e8=Q+ Bxe8 45. Rxe8 Rc7 46. Re2 Kxg5 47.
Rc2 b5 48. Kf1 b4 49. Ke2 c3 50. Kd3 a5 51. Ra2 b3 52. Rxa5+ Kg6 53. Ra6+ Kg7
54. Ra1 0-1